书目信息 |
| 题名: |
处世之道
|
|
| 作者: | 孔新峰 , 高杨 译注 | |
| 分册: | ||
| 出版信息: | 北京 中国人民大学出版社 2015.07 |
|
| 页数: | 356页 | |
| 开本: | 26cm | |
| 丛书名: | 全国领导干部国学教育系列教材 | |
| 单 册: | ||
| 中图分类: | B821-49 | |
| 科图分类: | ||
| 主题词: | 人生哲学--ren sheng zhe xue--中国--通俗读物 | |
| 电子资源: | ||
| ISBN: | 978-7-300-21298-2 | |
| 000 | 01256nam 2200313 450 | |
| 001 | 0100195233 | |
| 005 | 20201116105028.74 | |
| 010 | @a978-7-300-21298-2@dCNY66.00 | |
| 100 | @a20150804d2015 em y0chiy50 ea | |
| 101 | 0 | @achi |
| 102 | @aCN@b110000 | |
| 105 | @ay a 000yy | |
| 106 | @ar | |
| 200 | 1 | @a处世之道@Achu shi zhi dao@f孔新峰, 高杨译注@Fkong xin feng , gao yang yi zhu |
| 210 | @a北京@c中国人民大学出版社@d2015.07 | |
| 215 | @a356页@d26cm | |
| 225 | 2 | @a全国领导干部国学教育系列教材@Aquan guo ling dao gan bu guo xue jiao yu xi lie jiao cai |
| 300 | @a国家文化战略重点课题“中华优秀传统文化传承体系构建研究”成果 全国高级行政干部国学教材 | |
| 320 | @a有书目 (第355-356页) | |
| 330 | @a本书主要内容包括: 宽 —— 处人第一法 ; 恕 —— 天下第一等学问 ; 中 —— 极高明而道中庸 ; 诚 —— 诚者天道, 思诚者人道 ; 信 —— 人而无信, 不知其可 ; 和 —— 礼之用, 和为贵 ; 忍 —— 大人之气量, 君子之根本等。 | |
| 410 | 0 | @12001 @a全国领导干部国学教育系列教材 |
| 540 | @a处世之道 | |
| 606 | 0 | @a人生哲学@Aren sheng zhe xue@y中国@j通俗读物 |
| 690 | @aB821-49@v5 | |
| 701 | 0 | @a孔新峰@Akong xin feng@4译注 |
| 701 | 0 | @a高杨@Agao yang@4译注 |
| 801 | @aCN | |
| 901 | @a18 | |
| 905 | @eK771@dB821-49@a河南城建学院图书馆@b1275097-9@f3 | |
| 处世之道/孔新峰, 高杨译注.-北京:中国人民大学出版社,2015.07 |
| 356页;26cm.-(全国领导干部国学教育系列教材) |
| 国家文化战略重点课题“中华优秀传统文化传承体系构建研究”成果 全国高级行政干部国学教材 |
| ISBN 978-7-300-21298-2:CNY66.00 |
| 本书主要内容包括: 宽 —— 处人第一法 ; 恕 —— 天下第一等学问 ; 中 —— 极高明而道中庸 ; 诚 —— 诚者天道, 思诚者人道 ; 信 —— 人而无信, 不知其可 ; 和 —— 礼之用, 和为贵 ; 忍 —— 大人之气量, 君子之根本等。 |
| ● |
| 相关链接 |
|
|
|
正题名:处世之道
索取号:B821-49/K771
 
预约/预借
| 序号 | 登录号 | 条形码 | 馆藏地/架位号 | 状态 | 备注 |
| 1 | 1275097 | 212750977 | 社科库509/509社科库 25排3列2层/ [索取号:B821-49/K771] | 在馆 | |
| 2 | 1275098 | 212750984 | 社科库509/509社科库 25排3列2层/ [索取号:B821-49/K771] | 在馆 | |
| 3 | 1275099 | 212750991 | 社科库509/509社科库 25排3列2层/ [索取号:B821-49/K771] | 在馆 |